| 000 | 00585nam a22001937a 4500 | ||
|---|---|---|---|
| 003 | OSt | ||
| 005 | 20251216022255.0 | ||
| 008 | 251216b |||||||| |||| 00| 0 eng d | ||
| 020 | _a9715843336 | ||
| 040 |
_aDWCL - Main _cOC |
||
| 082 | _aFil. 899.211 L128n 2002 | ||
| 100 |
_aLacaba, Emmanuel P. _eAuthor |
||
| 245 |
_aTekstong patnubay sa pag-aaral ng Noli Me Tangere / _cEmmanuel P. Lacaba |
||
| 260 |
_aQuezon City: _bC&E Publishing, Inc., _cc2002 |
||
| 300 |
_a382p.: _bill.; _c25 cm. |
||
| 504 | _aIncludes index. | ||
| 650 | _a1. Noli Me Tangere. | ||
| 942 |
_2ddc _cBK - FIL _n0 |
||
| 999 |
_c7101 _d7101 |
||